| 000 | 00541nam a2200169 4500 | ||
|---|---|---|---|
| 999 |
_c17399 _d17399 |
||
| 008 | 221008b ||||| |||| 00| 0 eng d | ||
| 020 | _a9781632389077 | ||
| 082 |
_22022 _aDC 070.4 _bH774 |
||
| 100 |
_aHopkins, Niel. _946299 |
||
| 245 |
_aThe elements of journalism / _cNiel Hopkins. |
||
| 260 |
_aNew York : _bNY Research Press, _c©2022. |
||
| 300 |
_avi, 233 pages : _billustrations ; _c26 cm. |
||
| 500 | _aIncludes bibliographical references and index. | ||
| 650 |
_aJournalism. _946300 |
||
| 650 |
_aPress. _946301 |
||
| 942 |
_2ddc _cDC |
||